Modern women / (Registro nro. 14171)

Detalles MARC
000 -LIDER
fixed length control field 00617cam a22002173a 4500
001 - NÚMERO DE CONTROL
Identificador de número de control
003 - IDENTIFICACDOR DE NÚMERO DE CONTROL
control field DO-SdBNP
005 - DATE AND TIME OF LATEST TRANSACTION
control field 20220428104240.0
008 - ELEMENTOS DE LONGITUD FIJA
fixed length control field 940817s1989 nyu d 000 1 eng d
040 ## - FUENTE DE CATALOGACIÓN
Agencia que crea de manera original el registro BPMSU
Idioma de catalogación spa
Agencia que realiza la transcripción BPMSU
Agencia que realiza la modificación
082 ## - NÚMERO DE CLASIFICACIÓN DECIMAL DE DEWEY
Classification number 813
Item number H313m 1989
Edition number 22
100 1# - ASIENTO PRINCIPAL -- NOMBRE PERSONAL
Nombre personal Harris, Ruth
Fechas asociadas con el nombre 1936-
245 10 - MENCIÓN DE TITULO
Título Modern women /
Mención de responsabilidad Ruth Harris.
260 ## - PUBLICACIÓN, DISTRIBUCIÓN, ETC. (PIE DE IMPRENTA)
Lugar de publicación, distribución, etc New York :
Nombre del editor, distribuidor, etc. St. Martin's Press,
Fecha de publicación, distribución, etc 1989
300 ## - DESCRIPCIÓN FÍSICA
Extensión 408 p. ;
Dimensiones 22 cm.
590 ## - NOTA LOCAL
Enlace Inventariado, 2022/VM
650 #4 - ENCABEZAMIENTO DE MATERIA--TEMÁTICO
Término temático o nombre geográfico como elemento de entrada Novela estadounidense.
710 2# - ASIENTO SECUNDARIO -- NOMBRE CORPORATIVO
Nombre corporativo o de jurisdicción Copyright Paperback Collection (Library of Congress)
Institución que aplica el campo DLC
910 ## - VALIDACIÓN
Validación VMateo V.
942 ## - ADDED ENTRY ELEMENTS (KOHA)
Source of classification or shelving scheme Dewey Decimal Classification
Koha item type Libros
Existencias
Withdrawn status Lost status Source of classification or shelving scheme Damaged status Not for loan Collection code Home library Current library Date acquired Source of acquisition Total Checkouts Full call number Barcode Date last seen Price effective from Koha item type
    Dewey Decimal Classification     Colección General Biblioteca Pública Metropolitana Salomé Ureña Biblioteca Pública Metropolitana Salomé Ureña 04/28/2022 Rosa Núñez   BPMSU CG 813 H313m 1989 BPMSU22040050 04/28/2022 04/28/2022 Libros